000 00671nam a2200241Ia 4500
003 OSt
005 20220918175258.0
006 a|||||r|||| 00| 0
007 ta
008 220917b |||||||| |||| 00| 0 eng d
024 _a16,436
037 _cTextual
040 _aARTS
_cARTS
_beng
041 _2eng
_aeng
082 _aO111:g(P,3:3), J22;K7
100 _aDavie Donald
_919280
245 0 _aPurity of diction in English verse
260 _aLondon
_bRoutedge & Kegan Paul
_c1967
300 _aviii,217p. illus
_ccm.
650 _aENGLISH LITERATURE
942 _hO111:g(P,3:3), J22;K7
_cTEXL
_2CC
999 _c156818
_d156818